000 00711nam a22001697a 4500
999 _c16432
_d16432
008 160111b xxu||||| |||| 00| 0 eng d
020 _a978-971-9617-95-2
082 _22017
_aDFil 363.254
_bC111
100 _aCaballero, Nicholas S., author
_943910
245 _aPolygraphy :
_b the art and sciences of lie detection (a basic course module in polygraphy examination)/
_cNicholas S. Caballero and Rommel K. Manwong.
260 _aQuezon City :
_b Wiseman's Books Trading,
_c[2017]
300 _aiii, 166 pages :
_billustrations ;
_c22 cm.
500 _aIncludes bibliographical references
650 0 _aLie detectors and detection
_943911
700 _aManwong, Rommel K., author.
_943912
942 _2ddc
_cDFIL